[Event "Stuttgarter Stadtmeisterschaft"]
[Site "Ditzingen"]
[Date "2008.05.04"]
[Round "7.6"]
[White "Schuhmacher, Jakob"]
[Black "Weber, Norbert"]
[Result "1/2-1/2"]
[WhiteElo "1657"]
[BlackElo "1738"]
[PlyCount "81"]
[EventDate "2008.05.??"]
[EventType "swiss"]
[EventRounds "7"]
[EventCountry "GER"]

1. e4 d5 2. exd5 Nf6 3. d4 Bg4 4. Nf3 Nxd5 5. c4 Nf6 6. Be3 c6 7. Nc3 e6 8. Be2
Bd6 9. O-O Nbd7 10. h3 Bh5 11. Nd2 Bg6 12. Bf3 Qc7 13. Nde4 Nxe4 14. Nxe4 Nf6
15. Nxd6+ Qxd6 16. Re1 O-O 17. Bg5 Rfd8 18. Bxf6 gxf6 19. d5 exd5 20. cxd5 cxd5
21. Qb3 Rd7 22. Rad1 d4 23. Rd2 Rad8 24. Red1 b6 25. Qa4 Qc5 26. g4 a5 27. Bc6
Rd6 28. Bb5 Be4 29. Bc4 h5 30. Re2 Bc6 31. Qb3 Bd5 32. Bxd5 Qxd5 33. Qg3 hxg4
34. hxg4 d3 35. Re3 d2 36. Qh2 Re6 37. Qf4 Rxe3 38. Qxe3 Qd4 39. Qxd4 Rxd4 40.
f3 Kg7 41. Kf2 1/2-1/2

[Event "Stuttgarter Stadtmeisterschaft"]
[Site "Ditzingen"]
[Date "2008.05.04"]
[Round "7.7"]
[White "Debbeler, Adrian"]
[Black "Cofman, Veaceslav"]
[Result "0-1"]
[WhiteElo "1649"]
[BlackElo "1894"]
[PlyCount "58"]
[EventDate "2008.05.??"]
[EventType "swiss"]
[EventRounds "7"]
[EventCountry "GER"]

1. d4 d5 2. Nf3 Nf6 3. c4 Bf5 4. Nc3 e6 5. Bg5 c6 6. e3 Nbd7 7. cxd5 exd5 8.
Be2 Bd6 9. a3 a5 10. Bd3 Bg6 11. O-O O-O 12. Rc1 Qb6 13. Rc2 Bxd3 14. Qxd3 Qb3
15. Rd1 Ne4 16. Bh4 Rfc8 17. Nd2 Nxd2 18. Rdxd2 Nb6 19. Ne2 Qxd3 20. Rxd3 Nc4
21. Rb3 b5 22. Bg3 Be7 23. Nf4 b4 24. e4 a4 25. Rd3 dxe4 26. Rd1 bxa3 27. bxa3
Nxa3 28. Re2 Nb5 29. Rxe4 Nc3 0-1

[Event "Stuttgarter Stadtmeisterschaft"]
[Site "Ditzingen"]
[Date "2008.05.04"]
[Round "7.8"]
[White "Bulgrin, Uwe"]
[Black "Hartmann, Christian"]
[Result "1-0"]
[WhiteElo "1840"]
[BlackElo "1543"]
[PlyCount "61"]
[EventDate "2008.05.??"]
[EventType "swiss"]
[EventRounds "7"]
[EventCountry "GER"]

1. f4 b6 2. Nf3 Bb7 3. e3 g6 4. d4 Bg7 5. c4 f5 6. Nc3 Nf6 7. Be2 d6 8. O-O h6
9. Nh4 Rg8 10. Bf3 c6 11. Nxg6 Kd7 12. d5 Kc7 13. Qd3 Bc8 14. Nh4 Qd7 15. dxc6
Nxc6 16. Rb1 Rb8 17. b4 Re8 18. Bd2 Rg8 19. a4 Rf8 20. g3 Rg8 21. Bg2 a6 22.
Nf3 Bb7 23. Nd5+ Nxd5 24. cxd5 Na7 25. Rfc1+ Kd8 26. b5 a5 27. Bc3 Rc8 28. Bxg7
Rxc1+ 29. Rxc1 Rxg7 30. Nd4 h5 31. Ne6+ 1-0

[Event "Stuttgarter Stadtmeisterschaft"]
[Site "Ditzingen"]
[Date "2008.05.04"]
[Round "7.9"]
[White "Schreiber, Stephan"]
[Black "Gibicar, Danijel"]
[Result "1/2-1/2"]
[WhiteElo "1646"]
[BlackElo "1745"]
[PlyCount "49"]
[EventDate "2008.05.??"]
[EventType "swiss"]
[EventRounds "7"]
[EventCountry "GER"]

1. e4 e5 2. Nf3 Nf6 3. Nxe5 d6 4. Nf3 Nxe4 5. Qe2 Qe7 6. d3 Nf6 7. Qxe7+ Bxe7
8. Be2 O-O 9. O-O d5 10. Bf4 c6 11. Nbd2 Bg4 12. h3 Bf5 13. Nd4 Bg6 14. Rfe1
Nbd7 15. N2f3 Rfe8 16. Nh4 Nh5 17. Nxg6 hxg6 18. Bh2 Bf6 19. c3 Bxd4 20. cxd4
Nf8 21. Bxh5 gxh5 22. Re5 Nd7 23. Re3 Rxe3 24. fxe3 Re8 25. Re1 1/2-1/2

[Event "Stuttgarter Stadtmeisterschaft"]
[Site "Ditzingen"]
[Date "2008.05.04"]
[Round "7.10"]
[White "Domingos, Antonio"]
[Black "Funk, Patrick"]
[Result "1-0"]
[WhiteElo "1410"]
[BlackElo "1723"]
[PlyCount "123"]
[EventDate "2008.05.??"]
[EventType "swiss"]
[EventRounds "7"]
[EventCountry "GER"]

1. e4 c6 2. Nf3 d5 3. exd5 cxd5 4. d4 Nf6 5. Nc3 Bg4 6. Be2 Nc6 7. h3 Bh5 8.
Bf4 e6 9. g4 Bg6 10. Bb5 Bd6 11. Ne5 Qc7 12. Qe2 O-O 13. Nxg6 hxg6 14. Bxd6
Qxd6 15. O-O-O a6 16. Bxc6 bxc6 17. Na4 Ne4 18. Qe3 Qb4 19. b3 Qa3+ 20. Kb1
Rfb8 21. Nc3 Nd6 22. Ka1 a5 23. Rb1 a4 24. Nxa4 Nc4 25. bxc4 Rxb1+ 26. Rxb1
Qxa4 27. Qb3 Qa6 28. cxd5 cxd5 29. Re1 g5 30. Rh1 Qd6 31. h4 Rb8 32. Qc3 gxh4
33. Rxh4 Qf4 34. Qe3 Qc7 35. Qh3 f6 36. Rh8+ Kf7 37. Qh5+ Ke7 38. Rxb8 Qxb8 39.
Qg6 Kf8 40. g5 Qb4 41. Qd3 Qe1+ 42. Kb2 Qb4+ 43. Kc1 Qe1+ 44. Qd1 Qxf2 45. g6
Qh2 46. Qd3 f5 47. Qa3+ Ke8 48. Qa8+ Kd7 49. Qa4+ Kd8 50. Qa8+ Kd7 51. Qa7+ Qc7
52. Qa4+ Ke7 53. Qb4+ Kf6 54. a4 f4 55. Qe1 Kxg6 56. Qe5 Qa5 57. Qxe6+ Kg5 58.
Qe5+ Kg4 59. Qxg7+ Kf5 60. Qg1 Qxa4 61. Qf1 Ke4 62. Qd3# 1-0

[Event "Stuttgarter Stadtmeisterschaft"]
[Site "Ditzingen"]
[Date "2008.05.04"]
[Round "7.12"]
[White "Wendland, Viktor"]
[Black "Stadler, Marcus"]
[Result "0-1"]
[WhiteElo "1469"]
[BlackElo "1707"]
[PlyCount "124"]
[EventDate "2008.05.??"]
[EventType "swiss"]
[EventRounds "7"]
[EventCountry "GER"]

1. d4 Nf6 2. c4 g6 3. Nc3 d5 4. f3 Bg7 5. e4 dxe4 6. fxe4 Bg4 7. Nf3 Bxf3 8.
gxf3 e5 9. d5 Nh5 10. Qc2 Qf6 11. Qf2 Nd7 12. Nb5 Qd8 13. h4 a6 14. Nc3 Qe7 15.
a3 Nc5 16. Qc2 Ng3 17. Rh3 Nxf1 18. Kxf1 h6 19. b4 Nd7 20. Rb1 Nf6 21. Ne2 Qd7
22. Rh2 Nh5 23. c5 O-O 24. Nc3 Qe7 25. Qg2 Qf6 26. Ne2 a5 27. b5 c6 28. d6 a4
29. Rb4 Qe6 30. Nc3 cxb5 31. Nd5 Ra5 32. Qg4 f5 33. Qh3 Kh7 34. Ke2 Qc8 35. Be3
Qc6 36. Rg2 fxe4 37. fxe4 Nf4+ 38. Nxf4 exf4 39. Rf2 fxe3 40. Rxf8 Bxf8 41.
Qxe3 Ra8 42. e5 Rc8 43. Kd3 Qd5+ 44. Qd4 Qxc5 45. Qxc5 Rxc5 46. Kd4 b6 47. Rb1
Kg7 48. Rf1 g5 49. Rg1 Kg6 50. Rg2 Bxd6 51. exd6 Kf6 52. Re2 Rc8 53. Kd5 g4 54.
Re6+ Kf5 55. d7 Rd8 56. Kd6 b4 57. Re8 Rxd7+ 58. Kxd7 b3 59. Rb8 g3 60. Kd6 g2
61. Kd5 Kg4 62. Rxb6 Kh3 0-1

[Event "Stuttgarter Stadtmeisterschaft"]
[Site "Ditzingen"]
[Date "2008.05.04"]
[Round "7.13"]
[White "Botond, Laszlo"]
[Black "Hamm, Lukas"]
[Result "1/2-1/2"]
[WhiteElo "1670"]
[BlackElo "1418"]
[PlyCount "88"]
[EventDate "2008.05.??"]
[EventType "swiss"]
[EventRounds "7"]
[EventCountry "GER"]

1. f4 d5 2. Nf3 g6 3. e3 Bg7 4. c3 Nf6 5. d4 O-O 6. Ne5 b6 7. Bd3 c5 8. O-O Ba6
9. Bxa6 Nxa6 10. Qe2 Qc8 11. Nd2 cxd4 12. exd4 e6 13. g4 Nc7 14. Ndf3 a5 15.
Be3 Qa6 16. Qxa6 Rxa6 17. f5 exf5 18. gxf5 Ne4 19. Nc6 Re8 20. Bf4 Nb5 21. fxg6
fxg6 22. Rae1 Raa8 23. h4 Re6 24. Nce5 Rae8 25. Ng5 Nxg5 26. hxg5 Nd6 27. Re2
Nc4 28. Rfe1 Nxe5 29. dxe5 Rf8 30. Rf1 Rf5 31. Bd2 Rxf1+ 32. Kxf1 Rxe5 33. Rxe5
Bxe5 34. a4 Kf7 35. Be3 Bc7 36. Ke2 Ke6 37. Kd3 Kd6 38. c4 dxc4+ 39. Kxc4 Kc6
40. Kd4 Bb8 41. Ke4 Bc7 42. Bd4 Bd6 43. Bf6 Bc7 44. Be5 Bd8 1/2-1/2

[Event "Stuttgarter Stadtmeisterschaft"]
[Site "Ditzingen"]
[Date "2008.05.04"]
[Round "7.14"]
[White "Follmer, Helmuth"]
[Black "Schnorr, Christian"]
[Result "1-0"]
[WhiteElo "1807"]
[BlackElo "1585"]
[PlyCount "133"]
[EventDate "2008.05.??"]
[EventType "swiss"]
[EventRounds "7"]
[EventCountry "GER"]

1. e4 c5 2. Nf3 Nc6 3. d4 cxd4 4. Nxd4 e5 5. Nb5 d6 6. c4 a6 7. N5a3 Be7 8. Nc3
Be6 9. Nc2 Rc8 10. Nd5 Bg5 11. Bxg5 Qxg5 12. Qf3 Nce7 13. Nce3 Nxd5 14. exd5
Bd7 15. Bd3 g6 16. O-O f5 17. Qg3 Qf6 18. Nd1 Nh6 19. f4 e4 20. Be2 O-O 21. Rb1
Rb8 22. Ne3 Rfc8 23. h4 Nf7 24. Kf2 Kh8 25. Rfc1 Qd4 26. Rd1 Qf6 27. Rdc1 Qd4
28. Kf1 Qf6 29. Nd1 Qd4 30. Qc3 Qxc3 31. Rxc3 b5 32. Rb3 bxc4 33. Rxb8 Rxb8 34.
Bxc4 Bb5 35. Bxb5 Rxb5 36. Nc3 Rc5 37. Ke2 Nh6 38. Kd2 Rc4 39. b4 Rd4+ 40. Kc2
Ng4 41. a4 Ne3+ 42. Kb3 Nxd5 43. Nxd5 Rxd5 44. Kc4 Rd2 45. b5 axb5+ 46. axb5 e3
47. Kc3 d5 48. b6 d4+ 49. Kc4 e2 50. b7 Rd1 51. b8=Q+ Kg7 52. Qb3 e1=Q 53. Qxd1
Qe6+ 54. Kxd4 Qd6+ 55. Ke3 Qe7+ 56. Kf3 Qe4+ 57. Kg3 Kh6 58. Rb3 Qc6 59. Rf3
Qf6 60. Rd3 Qe7 61. h5 Qb4 62. hxg6 hxg6 63. Qh1+ Kg7 64. Rd7+ Kf6 65. Qh8+ Ke6
66. Qe8+ Kf6 67. Qe5# 1-0

[Event "Stuttgarter Stadtmeisterschaft"]
[Site "Ditzingen"]
[Date "2008.05.04"]
[Round "7.15"]
[White "Maisch, Julian"]
[Black "Preiss, Wolfgang"]
[Result "0-1"]
[WhiteElo "1574"]
[BlackElo "1731"]
[PlyCount "84"]
[EventDate "2008.05.??"]
[EventType "swiss"]
[EventRounds "7"]
[EventCountry "GER"]

1. e4 e5 2. Nf3 Nc6 3. Bb5 Be7 4. O-O a6 5. Ba4 b5 6. Bb3 Nf6 7. Re1 d6 8. h3
h6 9. c3 Na5 10. Bc2 Bd7 11. d4 Nc6 12. d5 Nb8 13. a4 c5 14. axb5 Bxb5 15. Nbd2
O-O 16. Ba4 Be8 17. Nc4 Nbd7 18. Bc6 Ra7 19. Qb3 Nb8 20. Ba4 Qc8 21. Nfd2 Nfd7
22. Nf1 Rb7 23. Qc2 Nb6 24. Nxb6 Rxb6 25. Ne3 Qd8 26. Nc4 Rb7 27. f4 Bh4 28.
Rf1 Bb5 29. Bb3 Bg3 30. Rf3 Bxc4 31. Bxc4 Qh4 32. fxe5 Bxe5 33. Qf2 Qxe4 34.
Bd3 Qxd5 35. Qe2 Re7 36. Kf1 Bf6 37. Qc2 c4 38. Bh7+ Kh8 39. Bxh6 Rfe8 40. Bd2
Re2 41. Rd1 Bh4 42. Bf5 Rxd2 0-1

[Event "Stuttgarter Stadtmeisterschaft"]
[Site "Ditzingen"]
[Date "2008.05.04"]
[Round "7.16"]
[White "Ruff, Robert"]
[Black "Philippin, Otto"]
[Result "0-1"]
[WhiteElo "1566"]
[BlackElo "1721"]
[PlyCount "94"]
[EventDate "2008.05.??"]
[EventType "swiss"]
[EventRounds "7"]
[EventCountry "GER"]

1. d4 d5 2. c4 Nc6 3. Nc3 Nf6 4. cxd5 Nxd5 5. e4 Nxc3 6. bxc3 g6 7. Bc4 Bg7 8.
Ne2 O-O 9. O-O Na5 10. Bd3 c5 11. Be3 c4 12. Bc2 b5 13. Qd2 Bb7 14. Bh6 a6 15.
Ng3 Nc6 16. h4 b4 17. Bxg7 Kxg7 18. Rad1 a5 19. h5 Qc7 20. e5 bxc3 21. Qxc3 Nb4
22. Bb1 Nd5 23. Qc2 Qc6 24. Qc1 Rfd8 25. Be4 Rac8 26. Qg5 Kh8 27. hxg6 fxg6 28.
Qh6 Qe8 29. Kh2 Qf8 30. Qh4 Qf7 31. Rb1 Bc6 32. f3 Nb4 33. a3 Nd5 34. f4 Ne3
35. Rf3 Bxe4 36. Nxe4 Nf5 37. Qf2 Nxd4 38. Rh3 Ne6 39. Qh4 Qxf4+ 40. Qxf4 Nxf4
41. Rf3 Ne2 42. Ng5 Rd4 43. Rh3 h5 44. Rb7 c3 45. Rxe7 c2 46. Nh7 c1=Q 47. Rxh5
Qg1+ 0-1

[Event "Stuttgarter Stadtmeisterschaft"]
[Site "Ditzingen"]
[Date "2008.05.04"]
[Round "7.17"]
[White "Haubensak, Harald"]
[Black "Schäfer-Siebert, Carsten"]
[Result "0-1"]
[WhiteElo "1675"]
[BlackElo "1565"]
[PlyCount "62"]
[EventDate "2008.05.??"]
[EventType "swiss"]
[EventRounds "7"]
[EventCountry "GER"]

1. Nf3 e6 2. e3 b6 3. b3 Bb7 4. Bb2 Nf6 5. Bd3 Nc6 6. O-O d6 7. Bb5 Qd7 8. Nd4
a6 9. Be2 e5 10. Nxc6 Qxc6 11. Bf3 e4 12. Bg4 Nxg4 13. Qxg4 Qxc2 14. Rc1 Qxb2
15. Rxc7 Rd8 16. Rxb7 Be7 17. Qxe4 O-O 18. g4 Bf6 19. Rxb6 Qxa1 20. Rxa6 Rfe8
21. Qd3 Rc8 22. Kg2 Rc1 23. Na3 Rh1 24. Qxd6 Qg1+ 25. Kf3 Rxh2 26. Qxh2 Qxh2
27. Nc4 Qh3+ 28. Ke2 Qxg4+ 29. Kd3 Rd8+ 30. Kc2 Qf5+ 31. Kd1 h5 0-1

[Event "Stuttgarter Stadtmeisterschaft"]
[Site "Ditzingen"]
[Date "2008.05.04"]
[Round "7.18"]
[White "Adler, Alexander"]
[Black "Ziegler, Michael"]
[Result "0-1"]
[WhiteElo "1584"]
[BlackElo "1662"]
[PlyCount "70"]
[EventDate "2008.05.??"]
[EventType "swiss"]
[EventRounds "7"]
[EventCountry "GER"]

1. e4 c5 2. b4 cxb4 3. a3 Nc6 4. axb4 Nxb4 5. c3 Nc6 6. d4 d5 7. e5 g6 8. Bd3
Bg7 9. Qc2 Qc7 10. Nf3 e6 11. Na3 a6 12. Nb5 Qd8 13. Nd6+ Kf8 14. Ba3 Nge7 15.
Ng5 f6 16. Ngf7 Qc7 17. f4 f5 18. Nxh8 Bxh8 19. g4 Bd7 20. gxf5 exf5 21. h4 Kg8
22. h5 Bg7 23. hxg6 Nxg6 24. Qh2 h6 25. Qh5 Nce7 26. Kd2 Rf8 27. Rhg1 Kh7 28.
Nxf5 Bxf5 29. Bxe7 Nxe7 30. Rxg7+ Kxg7 31. Bxf5 Nxf5 32. Rg1+ Kh8 33. Rg6 Qf7
34. e6 Qh7 35. e7 Qxe7 0-1

[Event "Stuttgarter Stadtmeisterschaft"]
[Site "Ditzingen"]
[Date "2008.05.04"]
[Round "7.19"]
[White "Zimmermann, Ulrich"]
[Black "Pocrnic, Josip"]
[Result "1/2-1/2"]
[WhiteElo "1493"]
[BlackElo "1643"]
[PlyCount "109"]
[EventDate "2008.05.??"]
[EventType "swiss"]
[EventRounds "7"]
[EventCountry "GER"]

1. e4 e6 2. d4 d5 3. Nc3 Nf6 4. e5 Nfd7 5. f4 c5 6. Nf3 Nc6 7. Ne2 Qb6 8. c3
cxd4 9. cxd4 Be7 10. g3 O-O 11. Bh3 Qd8 12. O-O Nb6 13. Kh1 Bd7 14. g4 f6 15.
Rg1 Kh8 16. a3 Na5 17. b3 Rc8 18. g5 f5 19. Bd2 Nc6 20. Qe1 g6 21. Qh4 Be8 22.
Qf2 Kg8 23. Nh4 Nd7 24. Nxg6 Bxg6 25. Bg2 a6 26. Bf3 Kf7 27. Nc3 Nb6 28. h4 Rh8
29. Rg2 Ke8 30. Rh2 Kd7 31. Kg2 Qe8 32. Be2 Kc7 33. b4 Kb8 34. b5 axb5 35. Nxb5
Na7 36. Nxa7 Kxa7 37. Bb4 Nc4 38. Bxc4 Rxc4 39. Rh3 Ka8 40. Rc3 Rxc3 41. Bxc3
Qa4 42. Be1 Rc8 43. Kh1 Rc2 44. Qe3 Qc4 45. Kg1 Re2 46. Qc3 Rc2 47. Qa5+ Kb8
48. Bf2 Qe2 49. Rf1 Qg4+ 50. Kh1 Qxf4 51. Qb5 Qe4+ 52. Kg1 Qg4+ 53. Kh1 Qh3+
54. Kg1 Qg4+ 55. Kh1 1/2-1/2

[Event "Stuttgarter Stadtmeisterschaft"]
[Site "Ditzingen"]
[Date "2008.05.04"]
[Round "7.20"]
[White "Weisensel, Wolfgang"]
[Black "Straub, Reiner"]
[Result "0-1"]
[WhiteElo "1485"]
[BlackElo "1638"]
[PlyCount "76"]
[EventDate "2008.05.??"]
[EventType "swiss"]
[EventRounds "7"]
[EventCountry "GER"]

1. c4 e5 2. Nc3 g6 3. Nf3 Bg7 4. d4 exd4 5. Nxd4 b6 6. e4 Bb7 7. Be3 Ne7 8. f3
Nbc6 9. Rc1 O-O 10. Be2 f5 11. Qd2 f4 12. Bf2 Ne5 13. Nd5 c5 14. Nxe7+ Qxe7 15.
Nb3 g5 16. O-O h5 17. Qe1 Rf6 18. h4 g4 19. fxg4 hxg4 20. g3 f3 21. Bd1 Nd3 22.
Qd2 Nxc1 23. Nxc1 Bh6 24. Qc3 Bxe4 25. Re1 Re6 26. Nb3 Qg7 27. Qxg7+ Kxg7 28.
Na1 Bd2 29. b3 Bxe1 30. Bxe1 d5 31. cxd5 Bxd5 32. Bc3+ Kg8 33. Kf2 Rae8 34. a3
Re3 35. Bd2 Re2+ 36. Bxe2 Rxe2+ 37. Kf1 Rxd2 38. Ke1 Ra2 0-1

[Event "Stuttgarter Stadtmeisterschaft"]
[Site "Ditzingen"]
[Date "2008.05.04"]
[Round "7.21"]
[White "Rühl, Volker"]
[Black "Gheng, Hannelore"]
[Result "1/2-1/2"]
[WhiteElo "1886"]
[BlackElo "1459"]
[PlyCount "56"]
[EventDate "2008.05.??"]
[EventType "swiss"]
[EventRounds "7"]
[EventCountry "GER"]

1. d4 d5 2. c4 e6 3. Nf3 Nf6 4. Nc3 dxc4 5. Qa4+ Bd7 6. Qxc4 c6 7. g3 b5 8. Qd3
Nd5 9. Nxd5 cxd5 10. Bg2 Bb4+ 11. Bd2 Bxd2+ 12. Qxd2 O-O 13. O-O Nc6 14. Rfc1
Qb6 15. e3 a5 16. Ne5 Nxe5 17. dxe5 Rfc8 18. Qd4 Qxd4 19. exd4 Rxc1+ 20. Rxc1
Rc8 21. Rxc8+ Bxc8 22. Bf1 Bd7 23. g4 f6 24. f4 Kf7 25. Bd3 fxe5 26. fxe5 h6
27. Kf2 g5 28. Ke3 Ke7 1/2-1/2

[Event "Stuttgarter Stadtmeisterschaft"]
[Site "Ditzingen"]
[Date "2008.05.04"]
[Round "7.22"]
[White "Meyer, Walter"]
[Black "Rieder, Josef"]
[Result "0-1"]
[WhiteElo "1664"]
[BlackElo "1872"]
[PlyCount "110"]
[EventDate "2008.05.??"]
[EventType "swiss"]
[EventRounds "7"]
[EventCountry "GER"]

1. d4 d5 2. Nf3 Nf6 3. c4 e6 4. Nc3 c5 5. cxd5 exd5 6. e3 Nc6 7. Bd3 a6 8. dxc5
Bxc5 9. h3 O-O 10. O-O h6 11. Ne2 Bd6 12. Ned4 Nxd4 13. Nxd4 Ne4 14. Nf3 Ng5
15. Nxg5 Qxg5 16. e4 Qe5 17. f4 Qd4+ 18. Kh1 dxe4 19. Bc2 Qc4 20. Re1 Qc7 21.
Qe2 f5 22. Bb3+ Kh7 23. Be3 Bd7 24. Rac1 Bc6 25. g3 Qe7 26. Bd4 Rac8 27. Qe3
Bb4 28. Red1 Rfd8 29. Kh2 Bd6 30. a3 Bb5 31. Ba2 Ba4 32. Rxc8 Rxc8 33. Rc1 Rxc1
34. Qxc1 Qc7 35. Bc3 Qc5 36. Qe1 Bb5 37. Bb1 Qd5 38. h4 Bc6 39. Qd2 Qxd2+ 40.
Bxd2 Bc5 41. Be1 g6 42. Kg2 Bd5 43. Kf1 Bc4+ 44. Kg2 Bd4 45. Bc3 Bxc3 46. bxc3
Bb3 47. Kf2 h5 48. Ke3 b5 49. Kd4 Kg7 50. Ke3 Kf6 51. Kd2 Ke6 52. Ke2 Kd5 53.
Ke3 Kc4 54. Bxe4 fxe4 55. Kxe4 Bc2+ 0-1

[Event "Stuttgarter Stadtmeisterschaft"]
[Site "Ditzingen"]
[Date "2008.05.04"]
[Round "7.23"]
[White "Zaytsev, Evgeny"]
[Black "Dietsche, Birgit"]
[Result "1-0"]
[WhiteElo "1638"]
[BlackElo "1610"]
[PlyCount "67"]
[EventDate "2008.05.??"]
[EventType "swiss"]
[EventRounds "7"]
[EventCountry "GER"]

1. e4 e5 2. Nf3 Nf6 3. Nc3 d6 4. Bc4 Be7 5. O-O Bg4 6. h3 Bh5 7. g4 Bg6 8. d4
exd4 9. Nxd4 Nxe4 10. Nd5 O-O 11. f4 Bh4 12. f5 Ng3 13. fxg6 hxg6 14. Rf3 Ne4
15. Qd3 Re8 16. Bf4 c6 17. Ne3 d5 18. Bb3 Nc5 19. Qf1 Ne6 20. Nxe6 Rxe6 21. c4
Qe7 22. cxd5 cxd5 23. Bxd5 Rf6 24. Kh1 Nc6 25. Bxc6 bxc6 26. Ng2 g5 27. Bh2 Rd8
28. Rxf6 gxf6 29. Rd1 Rb8 30. Bd6 Qb7 31. Qxf6 Re8 32. Be5 Kf8 33. Qh6+ Ke7 34.
Qd6# 1-0

[Event "Stuttgarter Stadtmeisterschaft"]
[Site "Ditzingen"]
[Date "2008.05.04"]
[Round "7.24"]
[White "Ellinger, Harald"]
[Black "Novak, Josua"]
[Result "0-1"]
[WhiteElo "1854"]
[BlackElo "1653"]
[PlyCount "70"]
[EventDate "2008.05.??"]
[EventType "swiss"]
[EventRounds "7"]
[EventCountry "GER"]

1. Nf3 Nf6 2. d4 g6 3. c4 Bg7 4. Nc3 O-O 5. e4 d6 6. Be2 Nc6 7. d5 Ne5 8. Nxe5
dxe5 9. O-O Ne8 10. Be3 f5 11. f3 f4 12. Bf2 g5 13. b4 Rf6 14. c5 h5 15. h3 Rg6
16. Qb3 Kh7 17. Rad1 g4 18. fxg4 hxg4 19. hxg4 Nf6 20. Rd3 Nxg4 21. Rh3+ Bh6
22. Bxg4 Rxg4 23. d6 exd6 24. Rh2 Qf6 25. Nd5 Qg7 26. Qh3 Rg6 27. Qh4 Be6 28.
Nxc7 Qxc7 29. cxd6 Qxd6 30. Bc5 Qd7 31. Be7 Rag8 32. Bf6 Qc7 33. Qh5 Qf7 34.
Bg5 Qg7 35. Bxh6 Rxg2+ 0-1

[Event "Stuttgarter Stadtmeisterschaft"]
[Site "Ditzingen"]
[Date "2008.05.04"]
[Round "7.25"]
[White "Baumeister, Jürgen"]
[Black "Koeller, Horst"]
[Result "1/2-1/2"]
[WhiteElo "1834"]
[BlackElo "1599"]
[PlyCount "119"]
[EventDate "2008.05.??"]
[EventType "swiss"]
[EventRounds "7"]
[EventCountry "GER"]

1. d4 d6 2. e4 e5 3. Nc3 exd4 4. Qxd4 Nc6 5. Bb5 Bd7 6. Bxc6 Bxc6 7. Nf3 Nf6 8.
h3 Be7 9. Be3 O-O 10. O-O-O Qb8 11. g4 a5 12. Qd3 b5 13. Nd5 Re8 14. g5 Nd7 15.
Nd4 Ne5 16. Qc3 Bxd5 17. exd5 b4 18. Qe1 a4 19. Kb1 Ra5 20. f4 c5 21. dxc6 Nc4
22. c7 Qxc7 23. Bd2 d5 24. Bxb4 Qb8 25. Nc6 Bxb4 26. Qxb4 Rb5 27. Qxc4 Rxb2+
28. Ka1 dxc4 29. Nxb8 Rexb8 30. Rb1 a3 31. c3 f6 32. gxf6 gxf6 33. Rxb2 Rxb2
34. f5 Rc2 35. Kb1 Rxc3 36. Rc1 Rxh3 37. Rxc4 h5 38. Kc2 h4 39. Rc7 Rg3 40. Rc4
h3 41. Rh4 Kf7 42. Rh7+ Ke8 43. Kc1 Rf3 44. Kc2 Kf8 45. Kc1 Kg8 46. Rh6 Kg7 47.
Rh5 h2 48. Rxh2 Rxf5 49. Rh3 Ra5 50. Kd2 f5 51. Rb3 Kf6 52. Ke3 Ra4 53. Kf3 Kg5
54. Kg3 Rg4+ 55. Kf2 Ra4 56. Rg3+ Kf6 57. Re3 f4 58. Rb3 Ra5 59. Kf3 Ra4 60.
Rc3 1/2-1/2

[Event "Stuttgarter Stadtmeisterschaft"]
[Site "Ditzingen"]
[Date "2008.05.04"]
[Round "7.27"]
[White "Mack, Markus"]
[Black "Schnorr, Elke"]
[Result "1/2-1/2"]
[WhiteElo "1599"]
[BlackElo "1739"]
[PlyCount "58"]
[EventDate "2008.05.??"]
[EventType "swiss"]
[EventRounds "7"]
[EventCountry "GER"]

1. c4 Nf6 2. g3 e6 3. Bg2 c6 4. Nc3 d5 5. cxd5 exd5 6. d4 Be7 7. Nf3 Nbd7 8.
O-O O-O 9. Rb1 Re8 10. b4 Nf8 11. b5 Bf5 12. Rb2 c5 13. dxc5 Bxc5 14. Nd4 Bxd4
15. Qxd4 Ne6 16. Qe5 d4 17. Nd5 Bg6 18. Nxf6+ gxf6 19. Qd5 Qxd5 20. Bxd5 Re7
21. Rd2 Rd8 22. Bg2 b6 23. Bb2 Red7 24. Bc6 Rd6 25. Rfd1 Kg7 26. h4 d3 27. exd3
Rxd3 28. Rxd3 Rxd3 29. Rxd3 Bxd3 1/2-1/2

[Event "Stuttgarter Stadtmeisterschaft"]
[Site "Ditzingen"]
[Date "2008.05.04"]
[Round "7.28"]
[White "Tölg, Wolfgang"]
[Black "Naundorf, Jo-Jan"]
[Result "1/2-1/2"]
[WhiteElo "1721"]
[BlackElo "1479"]
[PlyCount "41"]
[EventDate "2008.05.??"]
[EventType "swiss"]
[EventRounds "7"]
[EventCountry "GER"]

1. e4 c5 2. Nf3 d6 3. d4 cxd4 4. Nxd4 Nf6 5. Nc3 g6 6. Be3 Bg7 7. Bc4 O-O 8.
O-O Nc6 9. a3 Bd7 10. Nf3 a6 11. h3 Rc8 12. Bb3 Na5 13. Ba2 b5 14. Nd2 Ne8 15.
Nd5 Rc6 16. Rb1 Be6 17. Nb4 Bxa2 18. Nxa2 Qa8 19. Nb4 Rc8 20. Nd5 Qb7 21. c3
1/2-1/2

[Event "Stuttgarter Stadtmeisterschaft"]
[Site "Ditzingen"]
[Date "2008.05.04"]
[Round "7.29"]
[White "Krebs, Thomas"]
[Black "Daur, Wolfgang"]
[Result "0-1"]
[WhiteElo "1630"]
[BlackElo "1696"]
[PlyCount "74"]
[EventDate "2008.05.??"]
[EventType "swiss"]
[EventRounds "7"]
[EventCountry "GER"]

1. e4 e6 2. d4 d5 3. Nc3 Nf6 4. Bg5 Be7 5. e5 Nfd7 6. Bxe7 Qxe7 7. f4 a6 8. Nf3
c5 9. Ne2 Nc6 10. c3 b5 11. a3 O-O 12. g3 f6 13. Bg2 cxd4 14. cxd4 fxe5 15.
fxe5 Nb6 16. b3 b4 17. a4 a5 18. Rc1 Bb7 19. O-O Qe8 20. Nf4 h6 21. Bh3 Nd8 22.
Rc7 Rf7 23. Rxf7 Qxf7 24. Bg4 Ba6 25. Rf2 Rc8 26. Bh5 Qc7 27. Nd3 Nd7 28. Nh4
Qc3 29. Qg4 Bxd3 30. Ng6 Qe1+ 31. Kg2 Qe4+ 32. Kh3 Qxg4+ 33. Kxg4 Bxg6 34. Bxg6
Rc3 35. Bc2 Nc6 36. Bg6 Nxd4 37. Bf7+ Kh7 0-1

[Event "Stuttgarter Stadtmeisterschaft"]
[Site "Ditzingen"]
[Date "2008.05.04"]
[Round "7.30"]
[White "Ilzhöfer, Karl-Heinz"]
[Black "Mainik, Philipp"]
[Result "0-1"]
[WhiteElo "1646"]
[BlackElo "1437"]
[PlyCount "40"]
[EventDate "2008.05.??"]
[EventType "swiss"]
[EventRounds "7"]
[EventCountry "GER"]

1. e4 e5 2. Nf3 Nc6 3. d4 exd4 4. Nxd4 Bc5 5. Be3 Qf6 6. c3 Nge7 7. Nf5 Bxe3 8.
Nxe3 d6 9. Be2 Be6 10. Nd2 Ng6 11. Qc2 O-O 12. Bg4 Nce5 13. Bxe6 fxe6 14. f3
Qg5 15. Ndf1 Nh4 16. O-O-O Nc4 17. Qe2 Nxe3 18. Nxe3 Nxg2 19. Rhg1 Qxe3+ 20.
Qd2 Qxd2+ 0-1

[Event "Stuttgarter Stadtmeisterschaft"]
[Site "Ditzingen"]
[Date "2008.05.04"]
[Round "7.31"]
[White "Auterhoff, Jürgen"]
[Black "Lörincz, Peter"]
[Result "0-1"]
[WhiteElo "1891"]
[BlackElo "1630"]
[PlyCount "152"]
[EventDate "2008.05.??"]
[EventType "swiss"]
[EventRounds "7"]
[EventCountry "GER"]

1. e4 b6 2. d4 Bb7 3. Nc3 e6 4. Bd3 d6 5. Nf3 Nd7 6. O-O Ngf6 7. Bg5 Be7 8. Qe2
O-O 9. Rad1 Ne8 10. Bxe7 Qxe7 11. Rfe1 c5 12. d5 e5 13. Qd2 a6 14. a4 Ra7 15.
Na2 Bc8 16. b4 Ndf6 17. h3 Nh5 18. b5 a5 19. Qg5 Nef6 20. Bf1 Nf4 21. Nh2 h6
22. Qh4 Ng6 23. Qg3 Nh5 24. Qe3 Nf6 25. Nc1 Nh7 26. Nd3 f5 27. f3 f4 28. Qf2
Qg5 29. Nb2 Rb7 30. Nc4 Rd8 31. Qd2 Bxh3 32. Kh1 Bc8 33. Re2 Nf6 34. Nxb6 Nd7
35. Nxc8 Rxc8 36. Qxa5 Nb6 37. Ra1 Ra8 38. Qc3 Rxa4 39. Rxa4 Nxa4 40. Qa5 Nb6
41. Re1 Qe7 42. c4 Qc7 43. Ra1 h5 44. Bd3 Ne7 45. Nf1 Nec8 46. Nd2 Qe7 47. Kg1
h4 48. Bf1 Qg5 49. Nb3 h3 50. Qd2 Kf8 51. Qf2 hxg2 52. Qxg2 Qf6 53. Qg4 g5 54.
Bh3 Ra7 55. Rxa7 Nxa7 56. Nd2 Nac8 57. Qf5 Qxf5 58. Bxf5 Ne7 59. Be6 Ng6 60.
Kh2 Ke7 61. Kh3 Kf6 62. Kg4 Nh4 63. Kh3 Ng6 64. Kg4 Nh8 65. Bf5 Nf7 66. Kh5 Nd8
67. Bh3 Nb7 68. Bf1 Na5 69. Kg4 Na4 70. Kh5 Nc3 71. Kg4 Kg6 72. Bd3 Nd1 73. Kh3
Nf2+ 74. Kg2 Nxd3 75. b6 Nb2 76. Nb3 Nb7 0-1